| 000 | 00642nam a22002177a 4500 | ||
|---|---|---|---|
| 003 | OSt | ||
| 005 | 20190622081103.0 | ||
| 008 | 130322t xxu||||| |||| 00| 0 eng d | ||
| 020 | _a0879657081 | ||
| 050 |
_aLB 1573.37 _b.B715 1982 |
||
| 082 |
_aTR 372.41 _bB64 1977 |
||
| 100 |
_aBoning, Richard A. _9392 |
||
| 245 |
_aUsing the context : _bbooklet I / _cRichard A. Boning |
||
| 260 |
_aNew York : _bBarnell Loft Ltd., _cc1982. |
||
| 300 |
_a[120p.] : _c25 cm. |
||
| 562 | _e1 | ||
| 650 |
_aReading _xProgrammed instruction. _9584 |
||
| 650 |
_aReading _xStudy and teaching (Elementary). _9585 |
||
| 942 |
_2lcc _cBK |
||
| 999 |
_c2719 _d2719 |
||